000 00733nam a2200241Ia 4500
003 GCL
008 140319s9999 xx 000 0 ara d
040 _aGCL /
_cGCL
082 0 4 _a813.03
_bم ر
100 1 _aمحمد الاسعد
245 1 0 _aدار المتعة /
_cمحمد الاسعد
700 1 _aمحمد المغلوط
700 1 _aمروان طه المدور
700 1 _aسليم مطر كامل
700 1 _aوليد اخلاصى
260 _a[S.N] :
_bرياض الريس للكتب والنشر ،
_c1991
300 _a256 ص
490 _aالسلسلة الروائية
_v0
650 0 4 _aالادب العربى
650 0 4 _aالقصص العربية
650 0 4 _aالقصص
942 _2ddc
_cBK
999 _c55658
_d55658